Statistics for Units of measurement named after people by picture

Click here to take the quiz!

General Stats

  • This quiz has been taken 34 times
  • The average score is 14 of 27

Answer Stats

Answer% Correct
(Isaac) Newton
100%
(James) Watt
92%
(Nikola) Tesla
88%
(Anders) Celsius
84%
Decibel (Alexander Graham Bell)
84%
(Georg) Ohm
84%
(Daniel Gabriel) Fahrenheit
80%
(Heinrich) Hertz
80%
(Lord) Kelvin
80%
Volt (Alessandro Volta)
80%
(André-Marie) Ampère
76%
(Blaise) Pascal
72%
(James Prescott) Joule
68%
(Charles-Augustin de) Coulomb
60%
Farad (Michael Faraday)
52%
(Max) Planck
40%
(Ernst) Mach
32%
(Joseph) Henry
28%
(Anders Jonas) Ångstrøm
24%
(Henri) Becquerel
20%
(Werner von) Siemens
20%
(Wilhelm) Weber
20%
(John) Dalton
16%
(Rolf) Sievert
16%
Torr (Evangelista Torricelli)
16%
(Louis Harold) Gray
12%
Neper (John Napier)
8%

Score Distribution

Percentile by Number Answered

Percent of People with Each Score

Your Score History

You have not taken this quiz